| 000 | 00482nam a22001457a 4500 | ||
|---|---|---|---|
| 082 |
_aP-260 _bCapt mUhammad Naeem ullah _cProject |
||
| 100 |
_aCapt Muhammad Naeem ullah _948008 |
||
| 245 |
_aComparison of CPT & FVS for tfc assessment _cCapt Muhammad Naeem ullah |
||
| 260 |
_aRisalpur: _bCapt Muhammad Naeem ullah _c2004 |
||
| 300 |
_bill,; _c20 cm |
||
| 526 |
_a0 _b0 _c0 _dP_260_CAPT_MUHAMMAD_NAEEM_ULLA |
||
| 650 |
_aMCE _9379 |
||
| 700 |
_aDr Farhat Javed _947908 |
||
| 942 |
_2ddc _cBK |
||
| 999 |
_c551206 _d551206 |
||